<?xml version="1.0" encoding="UTF-8"?>
<collection xmlns="http://www.loc.gov/MARC21/slim">
 <record>
  <leader>00747nam a22002297a 4500</leader>
  <controlfield tag="001">AAL6650</controlfield>
  <controlfield tag="003">BD-DhAAL</controlfield>
  <controlfield tag="005">20160417145904.0</controlfield>
  <controlfield tag="008">160417m20052000ii a|||| |||| 00| 0 eng d</controlfield>
  <datafield tag="020" ind1=" " ind2=" ">
   <subfield code="a">8176491373</subfield>
  </datafield>
  <datafield tag="040" ind1=" " ind2=" ">
   <subfield code="a">BD-DhAAL</subfield>
   <subfield code="c">BD-DhAAL</subfield>
  </datafield>
  <datafield tag="082" ind1=" " ind2=" ">
   <subfield code="a">658.403</subfield>
  </datafield>
  <datafield tag="100" ind1=" " ind2=" ">
   <subfield code="a">Kneeland, Steve </subfield>
   <subfield code="9">19110</subfield>
  </datafield>
  <datafield tag="245" ind1=" " ind2=" ">
   <subfield code="a">Solving problems /</subfield>
   <subfield code="c">Steve Kneeland</subfield>
  </datafield>
  <datafield tag="260" ind1=" " ind2=" ">
   <subfield code="a">New Delhi :</subfield>
   <subfield code="b">Viva Books, </subfield>
   <subfield code="c">2005</subfield>
  </datafield>
  <datafield tag="300" ind1=" " ind2=" ">
   <subfield code="a">63 p. :</subfield>
   <subfield code="b">ill. ;</subfield>
   <subfield code="c">21 cm </subfield>
  </datafield>
  <datafield tag="541" ind1=" " ind2=" ">
   <subfield code="e">6650</subfield>
  </datafield>
  <datafield tag="650" ind1=" " ind2=" ">
   <subfield code="a">Decision making.</subfield>
   <subfield code="9">19111</subfield>
  </datafield>
  <datafield tag="852" ind1=" " ind2=" ">
   <subfield code="a">Savar Campus Library</subfield>
   <subfield code="c"> General Shelf</subfield>
  </datafield>
  <datafield tag="942" ind1=" " ind2=" ">
   <subfield code="2">ddc</subfield>
   <subfield code="c">BK</subfield>
  </datafield>
  <datafield tag="999" ind1=" " ind2=" ">
   <subfield code="c">37431</subfield>
   <subfield code="d">37431</subfield>
  </datafield>
  <datafield tag="952" ind1=" " ind2=" ">
   <subfield code="0">0</subfield>
   <subfield code="1">0</subfield>
   <subfield code="2">ddc</subfield>
   <subfield code="4">0</subfield>
   <subfield code="6">658_403000000000000_KNE</subfield>
   <subfield code="7">0</subfield>
   <subfield code="9">58775</subfield>
   <subfield code="a">SCL</subfield>
   <subfield code="b">SCL</subfield>
   <subfield code="c">GEN</subfield>
   <subfield code="d">2016-04-17</subfield>
   <subfield code="l">5</subfield>
   <subfield code="m">29</subfield>
   <subfield code="o">658.403 KNE</subfield>
   <subfield code="p">3020006650</subfield>
   <subfield code="r">2020-03-10</subfield>
   <subfield code="s">2020-01-16</subfield>
   <subfield code="t">1</subfield>
   <subfield code="w">2016-04-17</subfield>
   <subfield code="y">BK</subfield>
  </datafield>
 </record>
</collection>
